00481nam a22001577a 450000500170000001000150001702000260003203500140005803700130007208200110008510000190009624500530011526000430016827000770021130000350028820220413123105.0 aENG-132303 a9788192557554c750.00 aEN-115835 bDBAD/PUB a181.47 aKumari, Monika aRise of Bhakti Movement In India/cMonika Kumari aNew DelhibShreya Trader's & Co.c2017 bNew DelhiaH-1/48, Bengali Colony, IInd Floor, Mahaveer Enclave e110045 a240p.bBibliographyc22cm(hbk)